Zavedenie dochádzkového systému v obchodnej spoločnosti/podniku bakalárska práca

Saved in:
Bibliographic Details
Main Author: Drozdíková, Kristína
Corporate Author: Fakulta hospodárskej informatiky EU. Katedra aplikovanej informatiky
Other Authors: Kultan, Jaroslav, 1960-
Format: Book
Language:Slovak
Published: Bratislava 2020
Tags: Add Tag
No Tags, Be the first to tag this record!

MARC

LEADER 00000nbm a2200000 4500
001 0264656
005 20210510105323.6
041 0 |a slo 
044 |a SK 
245 1 0 |a Zavedenie dochádzkového systému v obchodnej spoločnosti/podniku  |b bakalárska práca  |c Kristína Drozdíková ; školiteľ: Jaroslav Kultan 
264 1 |a Bratislava  |c 2020 
300 |a 62 s. 
100 1 |a Drozdíková, Kristína 
700 1 |a Kultan, Jaroslav, 1960- 
710 2 |a Fakulta hospodárskej informatiky EU. Katedra aplikovanej informatiky